Спеши любить: роман; пер. с англ.

Bibliografiske detaljer
Hovedforfatter: Спаркс Н. Николас
Andre forfattere: Сергеева В. С. (переводчик)
Summary:Тихий городок Бофор. Каждый год Лэндон Картер приезжает сюда, чтобы вспомнить историю своей первой любви... Историю страсти и нежности, много лет назад связавшей его, парня из богатой семьи, и Джейми Салливан, скромную дочь местного пастора. Историю радости и грусти, счастья и боли. Историю чувства, которое человеку доводится испытать лишь раз в жизни — и запомнить навсегда...
Sprog:russisk
Udgivet: Москва, АСТ, 2014
Serier:Романтика любви
Fag:
Format: Bog
KOHA link:https://koha.lib.tpu.ru/cgi-bin/koha/opac-detail.pl?biblionumber=346573

MARC

LEADER 00000nam0a2200000 4500
001 346573
005 20231102005912.0
010 |a 9785170849031 
035 |a (RuTPU)RU\TPU\book\378455 
035 |a RU\TPU\book\237576 
090 |a 346573 
100 |a 20211020d2014 m y0rusy50 ca 
101 1 |a rus  |c eng 
102 |a RU 
105 |a y z 000ay 
200 1 |a Спеши любить  |e роман  |e пер. с англ.  |f Н. Спаркс  |g пер. В. С. Сергеевой 
210 |a Москва  |c АСТ  |d 2014 
215 |a 222 с. 
225 1 |a Романтика любви 
330 |a Тихий городок Бофор. Каждый год Лэндон Картер приезжает сюда, чтобы вспомнить историю своей первой любви... Историю страсти и нежности, много лет назад связавшей его, парня из богатой семьи, и Джейми Салливан, скромную дочь местного пастора. Историю радости и грусти, счастья и боли. Историю чувства, которое человеку доводится испытать лишь раз в жизни — и запомнить навсегда... 
606 1 |a Американская литература  |2 stltpush  |3 (RuTPU)RU\TPU\subj\72261  |9 85825 
610 1 |a художественная литература 
610 1 |a любовь 
610 1 |a романы 
675 |a 82  |v 3 
700 1 |a Спаркс  |b Н.  |g Николас 
702 1 |a Сергеева  |b В. С.  |4 730 
801 1 |a RU  |b 63413507  |c 20100830 
801 2 |a RU  |b 63413507  |c 20211110  |g RCR 
942 |c BK